[Event "ROU-ch Women 2018"]
[Site "Olanesti"]
[Date "2018.05.22"]
[Round "9"]
[White "Coman, Emilia-Florentina"]
[Black "Sandu, Mihaela"]
[Result "0-1"]
[WhiteElo "1869"]
[BlackElo "2258"]
[Annotator "TA"]
[PlyCount "72"]
[EventDate "2018.??.??"]
[EventType "swiss"]
[EventCountry "ROU"]
[SourceTitle "playchess.com"]
[Source "ChessBase"]
[SourceQuality "1"]

{[%evp 24,71,86,66,89,46,92,84,149,97,134,42,22,8,88,76,117,0,142,0,0,0,0,0,0,-553,-458,-602,-588,-457,-444,-770,-763,-736,-466,-632,-704,-689,-681,-654,-631,-29994,-29995,-29996,-29997,-29997,-29998,-29998,-29999,-29999]} 1. d4 Nf6 2. c4 g6 3. f3 Bg7 4. e4 d6 5. Nc3 O-O 6. Be3 e5 7. Nge2 c6 8. Qd2 Nbd7 {[%cal Bb8d7,Bd7b6,Bb6c4][%mdl 32]} 9. g4 a6 10. d5 cxd5 11. cxd5 b5 12. Ng3 Nb6 13. h4 {LiveBook: 9 Games. E89: King's Indian: Sämisch: 6...e5 7 d5 c6 8 Nge2 cxd5} Bd7 (13... Nfd7 14. h5 Qe7 15. Qh2 Bh8 16. Bh6 Bb7 17. Nd1 Rfc8 18. Ne3 Rc7 19. Be2 g5 20. Nef5 Qd8 21. Nxd6 {½-½ (28) Lupulescu,C (2634)-Fedorov,A (2567) Mamaia 2013}) 14. Bh6 $146 ({Predecessor:} 14. h5 Rc8 15. g5 Nxh5 16. Nxh5 gxh5 17. Qh2 b4 18. Qxh5 Re8 19. Nd1 Nc4 20. Bxc4 Rxc4 21. Qxh7+ {1-0 (31) Verzhansky,A (2264)-Klimov,A (2150) Tomsk 2003}) 14... b4 15. Nd1 {White is better.} Bb5 (15... Bxh6 $142 16. Qxh6 Kh8) 16. Bxb5 (16. Bxg7 $142 Kxg7 17. Bxb5 axb5 18. Qxb4) 16... axb5 $16 17. h5 (17. b3 $16) 17... Nc4 $14 18. Qc1 Ra7 (18... Bxh6 $11 {keeps the balance.} 19. Qxh6 {[#]} b3 $1 {[%mdl 512]}) 19. Bxg7 $16 Kxg7 20. Qg5 ({Reject} 20. hxg6 $6 fxg6 21. b3 Na3 $11) (20. b3 $16) 20... Kh8 (20... b3 $1 $11) 21. hxg6 (21. b3 $16) 21... fxg6 $11 22. Qxg6 Rg7 $36 {[%cal Ba7g7,Bg7g4,Bg4f4,Bf4f2,Bf2e2][%mdl 2080] White is under pressure.} 23. Qh6 {Threatens to win with Nf5.} Ng8 24. Qh5 $2 {[%mdl 8192]} (24. Qh2 $11 Rxf3 25. Nf5) 24... Rxf3 $19 25. Nf5 Nf6 $1 {[%csl LRe4,LRg4,LRh5]} 26. Qh6 {[%csl Gf5][%cal Rh6g7]} Rxg4 27. Nf2 {[#]} (27. Rh4 $142 Rxe4+ 28. Rxe4 Rxf5 29. Qh3) 27... Rxf2 $1 {[%mdl 512]} 28. Kxf2 Nxe4+ 29. Kf3 {[%csl Gh1][%cal Rh6h7]} Rf4+ 30. Ke2 Rf2+ ({Worse is} 30... Qg8 31. Rag1 $16) 31. Ke1 {[%csl Gh1][%cal Rh6h7]} Qg8 {( -> ...Re2+!)} 32. Ne7 {[#] aiming for Ng6+.} Re2+ $1 {[%mdl 512] Black mates.} 33. Kd1 (33. Kxe2 Qg2+) 33... Nxb2+ 34. Kxe2 Qg2+ 35. Ke3 Nc4+ 36. Kd3 Nc5# {Precision: White = 20%, Black = 65%.} 0-1

[Event "ROU-ch Women 2018"]
[Site "Olanesti"]
[Date "2018.05.22"]
[Round "9"]
[White "Pancu, Aureliana-Eugenia"]
[Black "Schiopu, Andreea-Alexandra"]
[Result "0-1"]
[WhiteElo "1852"]
[BlackElo "1765"]
[Annotator "NA RC"]
[PlyCount "124"]
[EventDate "2018.??.??"]
[EventType "swiss"]
[EventCountry "ROU"]
[SourceTitle "playchess.com"]
[Source "ChessBase"]
[SourceQuality "1"]
[TimeControl "40/5400+30:1800+30"]

1. Nf3 {[%emt 0:00:00]} d5 {[%emt 0:00:24]} 2. d4 {[%emt 0:00:00]} e6 {[%emt 0:00:16]} 3. g3 {[%emt 0:00:18]} c5 {[%emt 0:00:24]} 4. Bg2 {[%emt 0:01:03]} Nc6 {[%emt 0:00:14]} 5. O-O {[%emt 0:00:11]} Nf6 {[%emt 0:01:10]} 6. b3 {[%emt 0:02:49]} Be7 7. Bb2 {[%emt 0:00:56]} O-O {[%emt 0:00:59]} 8. e3 {[%emt 0:03:50]} b6 {[%emt 0:00:35]} 9. Nbd2 {[%emt 0:01:29]} Ba6 {[%emt 0:01:17]} 10. Re1 {[%emt 0:00:22]} Rc8 {[%emt 0:00:17]} 11. Ne5 {[%emt 0:04:44]} cxd4 {[%emt 0:02:11]} 12. Nxc6 {[%emt 0:00:18]} Rxc6 {[%emt 0:00:09]} 13. exd4 {[%emt 0:00:38]} Qd7 {[%emt 0:01:18]} 14. a3 {[%emt 0:10:03]} Rfc8 {[%emt 0:00:37]} 15. Rc1 {[%emt 0:03:50]} R6c7 {[%emt 0:00:59]} 16. Nf3 {[%emt 0:08:55]} b5 {[%emt 0:03:27]} 17. Ne5 {[%emt 0:00:41]} Qd8 {[%emt 0:00:47]} 18. b4 {[%emt 0:05:10]} Nd7 {[%emt 0:01:38]} 19. Nd3 {[%emt 0:00:19]} Nb6 {[%emt 0:00:37]} 20. Nc5 {[%emt 0:05:55]} Bb7 {[%emt 0:00:21]} 21. Qd3 {[%emt 0:02:26]} Nc4 {[%emt 0:01:09]} 22. Rb1 {[%emt 0:00:10]} a5 {[%emt 0:04:04]} 23. Bc1 {[%emt 0:00:19]} axb4 {[%emt 0:01:45]} 24. axb4 {[%emt 0:00:09]} Ra8 {[%emt 0:01:46]} 25. Qe2 {[%emt 0:05:40]} Bc8 {[%emt 0:03:37]} 26. Bf1 {[%emt 0:03:14]} Ra2 {[%emt 0:05:04]} 27. Qd1 {[%emt 0:00:25]} Rca7 {[%emt 0:01:20]} 28. Bd3 {[%emt 0:02:38]} Bf6 {[%emt 0:01:45]} 29. c3 {[%emt 0:00:49]} Ra1 {[%emt 0:06:55]} 30. Rxa1 {[%emt 0:01:48]} Rxa1 {[%emt 0:00:13]} 31. Qe2 {[%emt 0:00:26]} Bg5 {[%emt 0:01:12]} 32. f4 {[%emt 0:00:26]} Be7 {[%emt 0:01:08]} 33. Be3 {[%emt 0:03:59]} Rxe1+ {[%emt 0:01:28]} 34. Qxe1 {[%emt 0:00:01]} h6 {[%emt 0:01:29]} 35. Kf2 {[%emt 0:01:48]} f6 {[%emt 0:02:40]} 36. Bc1 {[%emt 0:01:45]} Kf7 {[%emt 0:00:24]} 37. Qe2 {[%emt 0:00:14]} g6 {[%emt 0:01:02]} 38. h4 {[%emt 0:01:09]} h5 {[%emt 0:01:26]} 39. Qc2 {[%emt 0:01:08]} f5 {[%emt 0:00:19]} 40. Qa2 {[%emt 0:00:00]} Bxh4 {[%emt 0:03:22]} 41. Kf3 {[%emt 0:08:28]} Bf6 {[%emt 0:02:06]} 42. Be3 {[%emt 0:02:03]} h4 {[%emt 0:01:00]} 43. Qg2 {[%emt 0:02:28]} Qh8 {[%emt 0:01:17]} 44. Bxc4 {[%emt 0:02:21]} dxc4 {[%emt 0:00:54]} 45. Qh3 {[%emt 0:02:42]} hxg3 {[%emt 0:01:11]} 46. Qxh8 {[%emt 0:00:14]} Bxh8 {[%emt 0:00:03]} 47. Kxg3 {[%emt 0:00:15]} Kg7 {[%emt 0:01:31]} 48. Kf3 {[%emt 0:01:17]} Kh6 {[%emt 0:00:13]} 49. Bf2 {[%emt 0:00:10]} Bf6 {[%emt 0:00:24]} 50. Be3 {[%emt 0:01:59]} Kh5 {[%emt 0:00:15]} 51. Bc1 {[%emt 0:02:51]} Kh4 {[%emt 0:01:07]} 52. Bd2 {[%emt 0:00:23]} Kh3 {[%emt 0:00:11]} 53. Be3 {[%emt 0:00:56]} Be7 {[%emt 0:00:17]} 54. Bc1 {[%emt 0:01:14]} Bh4 {[%emt 0:00:29]} 55. Bd2 {[%emt 0:00:12]} Bg3 {[%emt 0:00:06]} 56. Bc1 {[%emt 0:02:12]} Be1 {[%emt 0:00:06]} 57. Bb2 {[%emt 0:00:05]} Bd2 {[%emt 0:00:05]} 58. Ne4 {[%emt 0:07:47]} Bb7 {[%emt 0:00:13]} 59. Ke2 {[%emt 0:00:18]} Bxf4 {[%emt 0:00:50]} 60. Nf2+ {[%emt 0:01:20]} Kg2 {[%emt 0:00:17]} 61. Nd1 {[%emt 0:01:41]} Bf3+ {[%emt 0:00:21]} 62. Ke1 {[%emt 0:00:01]} Bxd1 {[%emt 0:00:14]} 0-1